000 00570nam a2200241Ia 4500
008 210210b2015 xxu||||| |||| 00| 0 eng d
020 _a9789351610458
041 _aeng
082 _a346.065 KAPB
100 _aKAPOOR (G K)
245 _aBusiness laws ethics and communication Ed 5
250 _a
260 _aNew Delhi
_bSultan Chand & Sons
_c2015
300 _axii,789
650 _alaws
650 _aethics
650 _acommunication
650 _aBusiness
650 _aand
690 _aBusiness Law
700 _aGUPTA (C B)
906 _a069911
999 _c119431
_d119431